The UK high street (Record no. 77074)
[ view plain ]
| 000 -LEADER | |
|---|---|
| fixed length control field | 00970cab a2200181 4500 |
| 001 - CONTROL NUMBER | |
| control field | ##L133539 |
| 008 - FIXED-LENGTH DATA ELEMENTS--GENERAL INFORMATION | |
| fixed length control field | 060517n2005 000 0 eng u |
| 035 ## - SYSTEM CONTROL NUMBER | |
| System control number | (Sirsi) u133539 |
| 041 0# - LANGUAGE CODE | |
| Language code of text/sound track or separate title | eng |
| 100 1# - MAIN ENTRY--PERSONAL NAME | |
| Personal name | Allport, Dominic |
| 245 04 - TITLE STATEMENT | |
| Title | The UK high street |
| Remainder of title | current issues and their implications |
| 260 ## - PUBLICATION, DISTRIBUTION, ETC. | |
| Date of publication, distribution, etc. | 2005 |
| 490 #0 - SERIES STATEMENT | |
| Series statement | Journal of Retail and Leisure Property |
| Volume/sequential designation | 5(1) 2-16(15) |
| 520 ## - SUMMARY, ETC. | |
| Summary, etc. | Assesses how and to what extent ten key issues currently affecting the UK high street constitute a threat to its viability as a trading location. These issues are: the economy, the consumer, the internet, supermarkets, deflation, costs, planning, mezzanines, development pipeline, and physical configuration of stores. Considers the implications of these issues for retail businesses. [Taken from journal abstract]. |
| 651 #4 - SUBJECT ADDED ENTRY--GEOGRAPHIC NAME | |
| Geographic name | United Kingdom |
| Chronological subdivision | |
| 690 ## - LOCAL SUBJECT ADDED ENTRY--TOPICAL TERM (OCLC, RLIN) | |
| Topical term or geographic name as entry element | PROPERTY-COMMERCIAL PROPERTY-RETAIL PROPERTY-TOWN CENTRE RETAIL PROPERTY-TOWN CENTRE SHOPS |
| 942 ## - ADDED ENTRY ELEMENTS (KOHA) | |
| Suppress in OPAC | 0 |
| Withdrawn status | Lost status | Source of classification or shelving scheme | Damaged status | Not for loan | Home library | Current library | Shelving location | Date acquired | Total Checkouts | Full call number | Barcode | Date last seen | Copy number | Price effective from | Koha item type |
|---|---|---|---|---|---|---|---|---|---|---|---|---|---|---|---|
| Dewey Decimal Classification | London | London | Journal article | 17/05/2006 | L133539 | 133539-1001 | 06/08/2019 | 1 | 06/08/2019 | Journal article |